SIMPLIFIED APPROACH TO INCOME TAX (Record no. 19401)

MARC details
000 -LEADER
fixed length control field 00300nam a22001337a 4500
003 - CONTROL NUMBER IDENTIFIER
control field SGT
020 ## - INTERNATIONAL STANDARD BOOK NUMBER
International Standard Book Number 978-93-80940-43-4
082 ## - DEWEY DECIMAL CLASSIFICATION NUMBER
Classification number 336
Item number AHU
100 ## - MAIN ENTRY--PERSONAL NAME
Personal name AHUJA, GIRISH
245 ## - TITLE STATEMENT
Title SIMPLIFIED APPROACH TO INCOME TAX
260 ## - PUBLICATION, DISTRIBUTION, ETC. (IMPRINT)
Place of publication, distribution, etc DELHI
Name of publisher, distributor, etc FLAIR P.
Year of Publication 219
300 ## - PAGE DESCRIPTION
No. of Pages 551
942 ## - ADDED ENTRY ELEMENTS (KOHA)
Source of classification or shelving scheme Dewey Decimal Classification
Koha item type Books
942 ## - ADDED ENTRY ELEMENTS (KOHA)
-- 154
Holdings
Withdrawn status Lost status Source of classification or shelving scheme Damaged status Not for loan Collection code Home library Current library Shelving location Date acquired Vendor Name Cost, normal purchase price SGTU Total Checkouts Full call number Accession No. (Barcode) Date last seen Date last borrowed Bill Date Koha item type Total Renewals
    Dewey Decimal Classification     COMMERCE MANAGEMENT SGT Science & Social Sciences Library SGT Science & Social Sciences Library Text Book 04/11/2019 KIRTI PARKASHAN 580.00 SGTU 19 336 AHU CM5891 27/12/2024 27/12/2024 04/11/2019 Books  
    Dewey Decimal Classification     COMMERCE MANAGEMENT SGT Science & Social Sciences Library SGT Science & Social Sciences Library Text Book 04/11/2019 KIRTI PARKASHAN 580.00 SGTU 16 336 AHU CM5892 08/01/2025 26/12/2024 04/11/2019 Books 1
    Dewey Decimal Classification     COMMERCE MANAGEMENT SGT Science & Social Sciences Library SGT Science & Social Sciences Library Text Book 04/11/2019 KIRTI PARKASHAN 580.00 SGTU 17 336 AHU CM5893 08/01/2025 28/12/2024 04/11/2019 Books 1
    Dewey Decimal Classification     COMMERCE MANAGEMENT SGT Science & Social Sciences Library SGT Science & Social Sciences Library Text Book 04/11/2019 KIRTI PARKASHAN 580.00 SGTU 35 336 AHU CM5894 08/01/2025 28/12/2024 04/11/2019 Books  
    Dewey Decimal Classification     COMMERCE MANAGEMENT SGT Science & Social Sciences Library SGT Science & Social Sciences Library Text Book 04/11/2019 KIRTI PARKASHAN 580.00 SGTU 19 336 AHU CM5895 11/01/2025 23/12/2024 04/11/2019 Books  
    Dewey Decimal Classification     COMMERCE MANAGEMENT SGT Science & Social Sciences Library SGT Science & Social Sciences Library Text Book 04/11/2019 KIRTI PARKASHAN 580.00 SGTU 20 336 AHU CM5896 08/01/2025 28/12/2024 04/11/2019 Books 1
    Dewey Decimal Classification     COMMERCE MANAGEMENT SGT Science & Social Sciences Library SGT Science & Social Sciences Library Text Book 04/11/2019 KIRTI PARKASHAN 580.00 SGTU 20 336 AHU CM5897 08/01/2025 29/10/2024 04/11/2019 Books  
    Dewey Decimal Classification     COMMERCE MANAGEMENT SGT Science & Social Sciences Library SGT Science & Social Sciences Library Text Book 04/11/2019 KIRTI PARKASHAN 580.00 SGTU 15 336 AHU CM5898 08/01/2025 26/12/2024 04/11/2019 Books  
    Dewey Decimal Classification     COMMERCE MANAGEMENT SGT Science & Social Sciences Library SGT Science & Social Sciences Library Text Book 04/11/2019 KIRTI PARKASHAN 580.00 SGTU 11 336 AHU CM5899 08/01/2025 27/12/2024 04/11/2019 Books  
    Dewey Decimal Classification     COMMERCE MANAGEMENT SGT Science & Social Sciences Library SGT Science & Social Sciences Library Text Book 04/11/2019 KIRTI PARKASHAN 580.00 SGTU 28 336 AHU CM5900 08/01/2025 03/01/2025 04/11/2019 Books